Estadísticas para Países con Tropas Estadounidenses

Haz click aquí para intentar la prueba.

Estadísticas generales

  • Esta prueba ha sido intentada 1.927 veces
    (1.507 desde el último reinicio)
  • La puntuación promedio es 12 de 20

Estadísticas de respuestas

TropasPaís% Correcto
6,100Irak
84%
3,200España
81%
40,000Japón
81%
34,000Alemania
80%
8,100Reino Unido
80%
10,000Afganistán
76%
1,000,000Estados Unidos
76%
23,000Corea del Sur
75%
1,100Siria
73%
1,400Australia
72%
12,000Italia
70%
1,400Turquía
68%
780Cuba
53%
1,800Jordania
43%
7,100Kuwait
41%
900Emiratos Árabes Unidos
38%
1,100Catar
36%
890Bélgica
33%
5,900Baréin
26%
2,000Yibuti
12%

Distribución de puntuación

Porcentaje por número respondido

Porcentaje de gente con cada puntuación

Historial de tus puntuaciones

No has intentado esta prueba desde el último reinicio